Electronic devices and circuit theory (Record no. 6969)

000 -LEADER
fixed length control field 00624nam a2200217 a 4500
001 - CONTROL NUMBER
control field 6969
003 - CONTROL NUMBER IDENTIFIER
control field BD-DhUET
008 - FIXED-LENGTH DATA ELEMENTS--GENERAL INFORMATION
fixed length control field 870429s1987 njua 001 0 eng
020 ## - INTERNATIONAL STANDARD BOOK NUMBER
International Standard Book Number 013250457X
040 ## - CATALOGING SOURCE
Modifying agency BD-DhUET
Transcribing agency 0
082 ## - DEWEY DECIMAL CLASSIFICATION NUMBER
Classification number 623.815
Item number BOY/1987
100 ## - MAIN ENTRY--PERSONAL NAME
Personal name Boylestad, Robert
245 10 - TITLE STATEMENT
Title Electronic devices and circuit theory
Statement of responsibility, etc. by Robert Boylestad and Louis Nashelsky
250 ## - EDITION STATEMENT
Edition statement 4th ed.
260 ## - PUBLICATION, DISTRIBUTION, ETC. (IMPRINT)
Place of publication, distribution, etc. Englewood Cliffs
Name of publisher, distributor, etc. Prentice-Hall
Date of publication, distribution, etc. 1987
300 ## - PHYSICAL DESCRIPTION
Extent xx, 803 p.
Other physical details ill.
Dimensions 25 cm.
650 #0 - SUBJECT ADDED ENTRY--TOPICAL TERM
Topical term or geographic name as entry element Electronic circuits
650 #0 - SUBJECT ADDED ENTRY--TOPICAL TERM
Topical term or geographic name as entry element Electronic apparatus and appliances
700 ## - ADDED ENTRY--PERSONAL NAME
Personal name Nashelsky, Louis
942 ## - ADDED ENTRY ELEMENTS (KOHA)
Koha item type General Book
Holdings
Lost status Not for loan Shelving location Location (home branch) Koha date last borrowed Damaged status Piece designation (barcode) Koha normalized classification for sorting Koha issues (times borrowed) Withdrawn status Source of classification or shelving scheme Date acquired Koha full call number Price effective from Koha date last seen Koha item type Copy number Sublocation or collection (holding branch)
  Circulation sectionCentral Library, BUET  68752623_000000000000000_815BOY1987   2014-12-06623.815/BOY/19872014-12-062014-12-06General Book1Central Library, BUET
  Circulation sectionCentral Library, BUET2018-02-04 82186623_815000000000000_BOY_19871  2015-03-03623.815/BOY/19872015-03-032018-02-17General Book2Central Library, BUET